| 000 -CABECERA |
| fixed length control field |
01576nam a22002537a 4500 |
| 003 - IDENTIFICADOR DEL NÚMERO DE CONTROL |
| control field |
AR-CdUCM |
| 008 - DATOS DE LONGITUD FIJA--INFORMACIÓN GENERAL |
| fixed length control field |
190425b ||||| |||| 00| 0 spa d |
| 040 ## - FUENTE DE LA CATALOGACIÓN |
| Agencia/entidad que catalogó originalmente la obra |
MUNICIPALIDAD PROVINCIAL DEL CUSCO |
| Entidad que transcribió la catalogación |
BIBLIOTECA MUNICIPAL DEL CUSCO |
| 082 ## - NÚMERO DE LA CLASIFICACIÓN DECIMAL DEWEY |
| No. de Clasificación |
Qeuña/N°1/2007 |
| 245 ## - MENCIÓN DE TÍTULO |
| Título |
Q´euña : |
| Resto del título |
revista de la Sociedad Botánica del Cusco / |
| Mención de responsabilidad |
Sociedad Botánica del Cusco |
| 260 ## - PUBLICACIÓN, DISTRIBUCIÓN, ETC. |
| Lugar de publicación, distribución, etc. |
Cusco. |
| Nombre de la editorial, distribuidor, etc. |
Moderna, |
| Fecha de publicación, distribución, etc. |
2007. |
| 300 ## - DESCRIPCIÓN FÍSICA |
| Nº de Páginas Extensión |
60 páginas. : |
| Otros detalles físicos |
ilustraciones ; |
| Dimensiones |
28 cm. |
| 440 ## - MENCIÓN DE SERIE/PUNTO DE ACCESO ADICIONAL--TÍTULO |
| Título |
Q´euña. |
| Número de la parte/sección de una obra |
Año I, N°01, 2007. |
| 9 (RLIN) |
47639 |
| 505 ## - NOTA DE CONTENIDO CON FORMATO |
| Nota de contenido formateada |
Contenido: Un nueva adición de Pleurothallinidae para la flora peruana y 4 nuevos reportes para el departamento del Cusco. -- Macromycetos de la microcuenca de Q´euña Zurite Anta. -- Flora invasora y colonizadora en el valle de la Convención Cusco. -- 20 años de cambios en los bosques del Sur oeste de la Amazonía. -- Avances en los estudios de los patrones fenológicos de cinco especies arbóreas de Tambopata Madre de Dios. -- Diversidad biológica del complejo arqueológico de Kantupata Santuario Histórico de Machupicchu. -- Conozcamos nuestros florestales nativos. -- Nuestras medicinales plantas medicinales. -- El Paiq´o y su utilidad en la comunidad de Pampa Anza Canchis. |
| 650 ## - PUNTO DE ACCESO ADICIONAL DE MATERIA--TÉRMINO DE MATERIA |
| Descriptor |
Botánica cusqueña |
| 9 (RLIN) |
45807 |
| 650 ## - PUNTO DE ACCESO ADICIONAL DE MATERIA--TÉRMINO DE MATERIA |
| Descriptor |
Biodiversidad |
| 9 (RLIN) |
19327 |
| 700 ## - PUNTO DE ACCESO ADICIONAL--NOMBRE DE PERSONA |
| Nombre Personal |
Calatayud Hermoza, Gloria |
| 9 (RLIN) |
47640 |
| 700 ## - PUNTO DE ACCESO ADICIONAL--NOMBRE DE PERSONA |
| Nombre Personal |
Delgado Salazar, Jhoel |
| 9 (RLIN) |
47641 |
| 700 ## - PUNTO DE ACCESO ADICIONAL--NOMBRE DE PERSONA |
| Nombre Personal |
Zamalloa Acurio, Violeta |
| 9 (RLIN) |
47642 |
| 700 ## - PUNTO DE ACCESO ADICIONAL--NOMBRE DE PERSONA |
| Nombre Personal |
Tupayachi Herrera, Alfredo |
| 9 (RLIN) |
20659 |
| 710 ## - PUNTO DE ACCESO ADICIONAL--NOMBRE DE ENTIDAD CORPORATIVA |
| Nombre corporativo (En letras Mayúsculas) |
Sociedad Botánica del Cusco |
| 9 (RLIN) |
47643 |
| 942 ## - ELEMENTOS DE PUNTO DE ACCESO ADICIONAL (KOHA) |
| Fuente de clasificación |
|
| Tipo de item |
Revistas cusqueñas |
| 945 ## - PROCESAMIENTO DE INFORMACIÓN LOCAL (OCLC) |
| Catalogador |
rac |